Estadísticas para Presidentes argentinos

Haz click aquí para intentar la prueba.

Estadísticas generales

  • Esta prueba ha sido intentada 491 veces
    (103 desde el último reinicio)
  • La puntuación promedio es 38 de 57

Estadísticas de respuestas

PeríodoPresidente% Correcto
2007 - 2015Cristina Fernández
96%
2023 - ActualidadJavier Milei
96%
1989 - 1999Carlos Saúl Menem
93%
1973 - 1974Juan Domingo Perón
93%
1946 - 1955Juan Domingo Perón
93%
2015 - 2019Mauricio Macri
93%
2003 - 2007Néstor Kirchner
93%
2019 - 2023Alberto Fernández
91%
1983 - 1989Raúl Alfonsín
91%
1976 - 1981Jorge Rafael Videla
88%
2001 - 2001Adolfo Rodríguez Saá
86%
1868 - 1874Domingo Faustino Sarmiento
86%
1999 - 2001Fernando de la Rúa
86%
2002 - 2003Eduardo Duhalde
84%
1862 - 1868Bartolomé Mitre
79%
1880 - 1886Julio Argentino Roca
79%
1898 - 1904Julio Argentino Roca
79%
1981 - 1982Leopoldo Fortunato Galtieri
75%
1958 - 1962Arturo Frondizi
72%
1895 - 1898José Evaristo Uriburu
70%
1930 - 1932José Félix Uriburu
70%
1966 - 1970Juan Carlos Onganía
70%
1874 - 1880Nicolás Avellaneda
70%
2001 - 2001Ramón Puerta
70%
1963 - 1966Arturo Umberto Illia
68%
1826 - 1827Bernardino Rivadavia
68%
1973 - 1973Héctor J. Cámpora
68%
1892 - 1895Luis Sáenz Peña
67%
1981 - 1981Roberto Eduardo Viola
67%
1854 - 1860Justo José de Urquiza
65%
1974 - 1976María Estela Martínez de Perón
65%
1955 - 1958Pedro Eugenio Aramburu
65%
1971 - 1973Alejandro Agustín Lanusse
63%
1928 - 1930Hipólito Yrigoyen
60%
1916 - 1922Hipólito Yrigoyen
60%
1922 - 1928Marcelo Torcuato de Alvear
60%
1982 - 1983Reynaldo Bignone
60%
1860 - 1861Santiago Derqui
60%
1890 - 1892Carlos Pellegrini
56%
2001 - 2002Eduardo Camaño
54%
1970 - 1971Roberto Marcelo Levingston
54%
1944 - 1946Eldemiro Julian Farrell
53%
1886 - 1890Miguel Juárez Celman
53%
1906 - 1910José Figueroa Alcorta
51%
1861 - 1861Juan Esteban Pedernera
51%
1932 - 1938Agustín Pedro Justo
49%
1962 - 1963José María Guido
47%
1904 - 1906Juan Manuel Quintana
47%
1942 - 1943Ramón S. Castillo
47%
1973 - 1973Raúl Alberto Lastiri
47%
1943 - 1944Pedro Pablo Ramírez
44%
1938 - 1942Roberto Marcelino Ortiz
44%
1827 - 1827Vicente López y Planes
44%
1914 - 1916Victorino de la Plaza
44%
1955 - 1955Eduardo Lonardi
42%
1910 - 1914Roque Sáenz Peña
39%
1943 - 1943Arturo Rawson
37%

Distribución de puntuación

Porcentaje por número respondido

Porcentaje de gente con cada puntuación

Historial de tus puntuaciones

No has intentado esta prueba desde el último reinicio